An introduction to modern mathematics

Saved in:
Bibliographic Details
Main Author: Fine, Nathan J. (Nathan Jacob), 1916-1994
Format: Book
Language:English
Published: London : Allen & Unwin, [1967]
Subjects:
Tags: Add Tag
No Tags, Be the first to tag this record!

MARC

LEADER 00000cam a2200000 i 4500
001 1/49
008 090615s1967 enk| ||| |||| ||eng||
035 |l 10105097 
040 |a GR-MyUa  |b gre  |e AACR2 
041 0 |a eng 
082 7 |a 510   |2 (22) 
100 1 |a Fine, Nathan J.   |q (Nathan Jacob),   |d 1916-1994. 
245 1 3 |a An introduction to modern mathematics /   |c Nathan J. Fine 
260 |a London :   |b Allen & Unwin,   |c [1967] 
300 |a xv, 509 σ. :   |b πίν.,διαγρ. ;   |c 24 εκ. 
504 |a Περιέχει βιβλιογραφία (σ. 429-431) και ευρετήριο. 
650 0 |a Mathematics. 
852 |a INST  |b SAMOS  |c MAG  |e 20090615  |h 510 FIN  |p 005300028540  |q 005300028540  |t BK  |y 0 
901 |a BIBL3-2009-2 
970 |a ΜΑΛΑΓΑΡΗ  |b ΦΩΤΕΙΝΗ  |z 2009/06/15